000
00270nam a2200109Ia 4500
008
190911s9999||||xx |||||||||||||| ||und||
100
_a
Reilly,Douglas J.
245
0
_a
Win32 Client Server Delelopers Guide
260
_a
New York
_b
CRC
_c
1996
300
_a
460
942
_c
BK
999
_c
6689
_d
6689